000 00506nam a2200169 i 4500
001 92101
003 ES-MaACL
005 20230906180910.0
007 t|
008 050221s1971 sp ||||1| spa d
100 1 _aLeyton, A. C.
_972107
245 1 0 _aDinámica de las comunicaciones /
_cA. C. Leyton; [traducción de Cecilio Sánchez Gil].
260 _a[Salamanca] :
_bAnaya,
_c[1971]
300 _a278 p. ;
_c18 cm.
700 1 _aSánchez Gil, Cecilio.
_9102671
852 _aES-MaACL
_jC-40472
_bR.76200
999 _c92101
_d92101